000
00270nam a2200109 4500
999
_c
13008
_d
13008
008
241205b ||||| |||| 00| 0 eng d
100
_a
Barbaralee Diamons
245
_a
Interior design the new freedom
260
_a
New york
_b
Rizzoli
300
_a
189p.;
942
_2
ddc